=LDR 00000nam 2200000 4500 =001 INLIS000000000050294 =005 20170427094852 =035 ##$$a 0010-0417000109 =007 ta =008 170427###########################0###### =020 ##$$a 978 - 602 - 1622 - 16 - 2 =082 ##$$a 634 =084 ##$$a 634 RAH b =100 #$$a Rahayu, Sri =245 1#$$a Budidaya buah naga cepat panen /$c Sri Rahayu =250 ##$$a Cet.1 =260 ##$$a Depok :$b Infra Pustaka,$c 2014 =300 ##$$a 140 hlm : $b Ilus ; $c 23 cm =650 ##$$a PERKEBUNAN =990 ##$$a 74677467 =990 ##$$a 74677467 =990 ##$$a 31700127 =990 ##$$a 02201707467 =990 ##$$a 31700128 =990 ##$$a 31700127